The indian emperour or the conquest of mexico by the spaniards (Record no. 8202)
[ view plain ]
| 000 -CABECERA | |
|---|---|
| campo de control de longitud fija | 01149nam a2200301 a 4500 |
| 001 - NÚMERO DE CONTROL | |
| campo de control | BRCA_8538 |
| 005 - FECHA Y HORA DE LA ÚLTIMA TRANSACCIÓN | |
| campo de control | 20190320210326.0 |
| 008 - DATOS DE LONGITUD FIJA--INFORMACIÓN GENERAL | |
| campo de control de longitud fija | 110816s1681----uk-#######---#000-0#eng-# |
| 041 ## - CÓDIGO DE LENGUA | |
| Código de lengua del texto/banda sonora o título independiente | eng |
| 044 ## - CÓDIGO DEL PAÍS DE LA ENTIDAD EDITORA/PRODUCTORA | |
| Código MARC del país | Uk |
| 050 #4 - SIGNATURA TOPOGRÁFICA DE LA BIBLIOTECA DEL CONGRESO | |
| Número de clasificación | PR3415 |
| Número de documento/Ítem | .D79 |
| -- | 1681 |
| 100 1# - ENTRADA PRINCIPAL--NOMBRE DE PERSONA | |
| Nombre de persona | Dryden, John |
| 9 (RLIN) | 21408 |
| 245 10 - MENCIÓN DE TÍTULO | |
| Título | The indian emperour or the conquest of mexico by the spaniards |
| Mención de responsabilidad, etc. | John Dryden. |
| 260 ## - PUBLICACIÓN, DISTRIBUCIÓN, ETC. | |
| Lugar de publicación, distribución, etc. | London |
| Nombre del editor, distribuidor, etc. | H. Herringman |
| Fecha de publicación, distribución, etc. | 1681 |
| 300 ## - DESCRIPCIÓN FÍSICA | |
| Extensión | 68 p. |
| Dimensiones | 22 cm |
| 500 ## - NOTA GENERAL | |
| Nota general | Fondo antiguo |
| 500 ## - NOTA GENERAL | |
| Nota general | Se encuentra en Caja Fuerte |
| 500 ## - NOTA GENERAL | |
| Nota general | B-19 |
| 500 ## - NOTA GENERAL | |
| Nota general | Con Ex-libris de: Franz Mayer |
| 500 ## - NOTA GENERAL | |
| Nota general | Con dedicatoria: to the most excellent and most illustrious princess Anne Dutchess of Monmouth, and Bucclugh, wife to the most illustrious and high- born prince James Duke of Monmouth |
| 500 ## - NOTA GENERAL | |
| Nota general | Contiene prólogo |
| 500 ## - NOTA GENERAL | |
| Nota general | Incluye epílogo |
| 500 ## - NOTA GENERAL | |
| Nota general | Nota de encuadernación: holandesa, edición de cantos dorados |
| 506 0# - NOTA DE RESTRICCIONES AL ACCESO | |
| Limitaciones de acceso | Fondo reservado: para su consulta es necesario credencial de usuario y carta de motivos |
| 650 14 - PUNTO DE ACCESO ADICIONAL DE MATERIA--TÉRMINO DE MATERIA | |
| Término de materia o nombre geográfico como elemento de entrada | Moctezuma |
| Término indicativo de función/relación | Emperador de México |
| Subdivisión general | aproximadamente 1480-1520 |
| 9 (RLIN) | 21409 |
| 902 ## - CATALOGADOR | |
| Iniciales | LAR |
| 942 ## - ELEMENTOS DE PUNTO DE ACCESO ADICIONAL (KOHA) | |
| Fuente del sistema de clasificación o colocación | Library of Congress Classification |
| Tipo de ítem Koha | Libros |
| Estado de retiro | Estado de pérdida | Estado dañado | No para préstamo | Localización permanente | Ubicación/localización actual | Fecha de adquisición | Número de inventario | Total de préstamos | Signatura topográfica completa | Código de barras | Fecha visto por última vez | Precio válido a partir de | Tipo de ítem Koha |
|---|---|---|---|---|---|---|---|---|---|---|---|---|---|
| El ejemplar forma parte de la colección y puede ser consultado según las políticas vigentes. | Biblioteca del Museo Franz Mayer (Rogerio Casas-Alatriste) | Biblioteca del Museo Franz Mayer (Rogerio Casas-Alatriste) | 11/08/2016 | B-19 | PR3415 .D79 1681 (B-19) | LAR00043 | 22/03/2019 | 22/03/2019 | Libros |